| 000 | 00469nam a2200181Ia 4500 | ||
|---|---|---|---|
| 001 | 13367 | ||
| 005 | 20260306164756.0 | ||
| 008 | 260306t2018||||xx |||||||||||||| ||spa|| | ||
| 041 | _aESP | ||
| 082 |
_a001.4234 _bR24 2018 |
||
| 100 |
_aRamos Núñez, Carlos, _eAUT |
||
| 245 | 0 | _aCómo hacer una tesis de derecho y no envejecer en el intento | |
| 260 | _c2018 | ||
| 300 |
_a492 páginas : _c24 cm. |
||
| 650 | _aGEN | ||
| 654 | _aCDE | ||
| 942 |
_cLIB _dJUS _fJUS _2ddc _n |
||
| 999 |
_c13367 _d13367 |
||